| 000 | 01812nac a22003131u 4500 | ||
|---|---|---|---|
| 010 | _a 2006043272 | ||
| 020 | _a0273688898 | ||
| 082 | 0 | 0 |
_a659.2 _bEXP |
| 090 |
_c8960 _d8960 |
||
| 100 | _a20080729 | ||
| 245 | 0 | 0 |
_aExploring public relations / _c[edited by] Ralph Tench and Liz Yeomans. |
| 260 |
_aHarlow, England ; _aNew York : _bFT Prentice Hall, _c2006. |
||
| 300 |
_axxx, 641 p. : _bill. ; _c26 cm. |
||
| 500 | _aDistributer: Baccah. | ||
| 504 | _aIncludes bibliographical references and index. | ||
| 511 | _aCatalogued By: Mahitab. | ||
| 650 | 0 | _aPublic relations. | |
| 700 | 1 | _aTench, Ralph. | |
| 700 | 1 | _aYeomans, Liz. | |
| 942 |
_cTB _k659.2EXP |
||
| 999 |
_c8960 _d8960 |
||